<?xml version="1.0" encoding="UTF-8"?>
<collection xmlns="http://www.loc.gov/MARC21/slim">
 <record>
  <leader>05367nam a2200349 a 4500</leader>
  <controlfield tag="001">kal3810</controlfield>
  <controlfield tag="003">Gr-AtHEAL</controlfield>
  <controlfield tag="005">20160422132652.0</controlfield>
  <controlfield tag="006">m        d        </controlfield>
  <controlfield tag="008">160413s2015    gr      s           gre|c</controlfield>
  <datafield tag="020" ind1=" " ind2=" ">
   <subfield code="a">9789606033995</subfield>
  </datafield>
  <datafield tag="040" ind1=" " ind2=" ">
   <subfield code="a">GR-AtHEAL</subfield>
   <subfield code="b">gre</subfield>
   <subfield code="c">GR-AtHEAL</subfield>
  </datafield>
  <datafield tag="082" ind1="0" ind2="4">
   <subfield code="a">610</subfield>
   <subfield code="2">23</subfield>
  </datafield>
  <datafield tag="100" ind1="1" ind2=" ">
   <subfield code="a">Τατσιώνη, Αθηνά.</subfield>
   <subfield code="8">877</subfield>
  </datafield>
  <datafield tag="245" ind1="1" ind2="0">
   <subfield code="a">Εισαγωγή στη γενική ιατρική</subfield>
   <subfield code="h">[Ηλεκτρονικός πόρος] </subfield>
   <subfield code="b">Η χρήση τεκμηρίων για την επίλυση προβλημάτων στην πρωτοβάθμια φροντίδα υγείας</subfield>
   <subfield code="c">Τατσιώνη, Αθηνά ; Καραθάνος, Βασίλειος ; Μίσσιου, Αριστέα ; Κριτικός αναγνώστης,Λιονής, Χρήστος ; Γραφιστική επιμέλεια,Γλάρος, Κωνσταντίνος ; Τεχνική επιμέλεια,Γλάρος, Κωνσταντίνος ; Γλωσσική επιμέλεια,Κουτσούκη, Σπυριδούλα.</subfield>
  </datafield>
  <datafield tag="260" ind1=" " ind2=" ">
   <subfield code="a">Αθήνα :</subfield>
   <subfield code="b">Σύνδεσμος Ελληνικών Ακαδημαϊκών Βιβλιοθηκών,</subfield>
   <subfield code="c">c2015.</subfield>
  </datafield>
  <datafield tag="490" ind1=" " ind2=" ">
   <subfield code="a">Ακαδημαϊκά Ηλεκτρονικά Συγγράμματα και Βοηθήματα Κάλλιπος</subfield>
   <subfield code="8">40</subfield>
  </datafield>
  <datafield tag="520" ind1=" " ind2=" ">
   <subfield code="a">Το βιβλίο αυτό απευθύνεται σε προπτυχιακούς και μεταπτυχιακούς φοιτητές που διδάσκονται θέματα σχετικά με τον τρόπο παροχής φροντίδας κατά την πρώτη επαφή του ασθενή με το σύστημα υγείας (πρωτοβάθμια φροντίδα υγείας) καθώς και σε επαγγελματίες υγείας, που επιθυμούν να κατανοήσουν σε βάθος το αντίστοιχο θεωρητικό υπόβαθρο. Μπορεί να χρησιμοποιηθεί τόσο από μη εξοικειωμένους αναγνώστες όσο και από προχωρημένους επιστήμονες του κλάδου. Η παρουσίαση κάθε κεφαλαίου βασίζεται στη συζήτηση κλινικών σεναρίων. Διδάσκοντες, φοιτητές, σπουδαστές και επαγγελματίες του χώρου της Πρωτοβάθμιας Φροντίδας Υγείας μπορούν να βρουν στο βιβλίο αυτό το απαραίτητο υλικό για την κατανόηση των εννοιών και των παρεμβάσεων, που σχετίζονται με:- Αντιμετώπιση προβλημάτων υγείας, συντονισμός των διαφορετικών υπηρεσιών υγείας και παροχή ολοκληρωμένης φροντίδας στον πληθυσμό ευθύνης του γιατρού πρωτοβάθμιας φροντίδας- Φροντίδα επικεντρωμένη στον ασθενή- Στάδια συμβουλευτικής ή διαβούλευσης- Ανακοίνωση διάγνωσης σοβαρού νοσήματος, ή θανάτου- Αναζήτηση τεκμηρίων και εφαρμογή κατευθυντηρίων οδηγιών για διαχείριση ασθενών με συνήθη οξέα και χρόνια προβλήματα στην πρωτοβάθμια φροντίδα- Πρωτογενή πρόληψη για εφήβους και ενήλικες- Τεχνικές διάγνωσης στην πρωτοβάθμια φροντίδα και βαθμός τεκμηρίωσής τους- Λάθη και σφάλματα κατά τη διάγνωση- Ολοκληρωμένη εκτίμηση ηλικιωμένου ασθενούς- Παρηγορητική φροντίδα στην πρωτοβάθμια φροντίδα- Εκτίμηση της συμμόρφωσης των ασθενών, που λαμβάνουν πολλαπλά φάρμακα και τρόποι βελτίωσης της συμμόρφωσης- Ιδιαιτερότητες κατά την εφαρμογή κατευθυντήριων οδηγιών σε ασθενείς με πολλαπλά νοσήματα στην πρωτοβάθμια φροντίδα και σχεδιασμός πλάνου διαχείρισης</subfield>
  </datafield>
  <datafield tag="650" ind1=" " ind2="0">
   <subfield code="a">Medicine</subfield>
   <subfield code="8">2330</subfield>
  </datafield>
  <datafield tag="650" ind1=" " ind2="0">
   <subfield code="a">Family medicine</subfield>
   <subfield code="8">2331</subfield>
  </datafield>
  <datafield tag="653" ind1=" " ind2=" ">
   <subfield code="a">Γενική ιατρική</subfield>
  </datafield>
  <datafield tag="653" ind1=" " ind2=" ">
   <subfield code="a">Γενική οικογενειακή ιατρική</subfield>
  </datafield>
  <datafield tag="653" ind1=" " ind2=" ">
   <subfield code="a">Πρωτοβάθμια φροντίδα υγείας</subfield>
  </datafield>
  <datafield tag="653" ind1=" " ind2=" ">
   <subfield code="a">Επιστήμες υγείας</subfield>
  </datafield>
  <datafield tag="700" ind1="1" ind2=" ">
   <subfield code="a">Μίσσιου, Αριστέα</subfield>
   <subfield code="e">Συγγραφέας</subfield>
   <subfield code="8">878</subfield>
  </datafield>
  <datafield tag="700" ind1="1" ind2=" ">
   <subfield code="a">Καραθάνος, Βασίλειος</subfield>
   <subfield code="e">Συγγραφέας</subfield>
   <subfield code="8">879</subfield>
  </datafield>
  <datafield tag="700" ind1="1" ind2=" ">
   <subfield code="a">Λιονής, Χρήστος</subfield>
   <subfield code="e">Κριτικός αναγνώστης</subfield>
   <subfield code="8">880</subfield>
  </datafield>
  <datafield tag="856" ind1="4" ind2="0">
   <subfield code="u">http://hdl.handle.net/11419/3810</subfield>
   <subfield code="z">Πλήρες Κείμενο - Full text</subfield>
  </datafield>
  <datafield tag="907" ind1=" " ind2=" ">
   <subfield code="a">.b25680419</subfield>
   <subfield code="b">12-06-18</subfield>
   <subfield code="c">29-07-16</subfield>
  </datafield>
  <datafield tag="949" ind1=" " ind2=" ">
   <subfield code="0">0</subfield>
   <subfield code="1">0</subfield>
   <subfield code="2">ddc</subfield>
   <subfield code="4">0</subfield>
   <subfield code="6">610_000000000000000_ΤΑΤ</subfield>
   <subfield code="7">0</subfield>
   <subfield code="8">KALL</subfield>
   <subfield code="8">800</subfield>
   <subfield code="d">2016-04-13</subfield>
   <subfield code="r">2016-04-13</subfield>
   <subfield code="w">2016-04-13</subfield>
   <subfield code="z">610 ΤΑΤ</subfield>
   <subfield code="o">SEAB KALLIPOS</subfield>
  </datafield>
  <datafield tag="998" ind1=" " ind2=" ">
   <subfield code="a">80</subfield>
   <subfield code="a">01</subfield>
   <subfield code="a">02</subfield>
   <subfield code="a">03</subfield>
   <subfield code="a">04</subfield>
   <subfield code="a">05</subfield>
   <subfield code="a">06</subfield>
   <subfield code="a">07</subfield>
   <subfield code="a">08</subfield>
   <subfield code="a">09</subfield>
   <subfield code="a">10</subfield>
   <subfield code="a">11</subfield>
   <subfield code="a">12</subfield>
   <subfield code="a">13</subfield>
   <subfield code="a">14</subfield>
   <subfield code="a">15</subfield>
   <subfield code="a">16</subfield>
   <subfield code="a">17</subfield>
   <subfield code="a">18</subfield>
   <subfield code="a">19</subfield>
   <subfield code="a">20</subfield>
   <subfield code="a">21</subfield>
   <subfield code="a">22</subfield>
   <subfield code="a">23</subfield>
   <subfield code="a">24</subfield>
   <subfield code="a">25</subfield>
   <subfield code="a">26</subfield>
   <subfield code="b">16-05-17</subfield>
   <subfield code="c">m</subfield>
   <subfield code="d">z  </subfield>
   <subfield code="e">-</subfield>
   <subfield code="f">gre</subfield>
   <subfield code="g">gr </subfield>
   <subfield code="h">0</subfield>
  </datafield>
  <datafield tag="942" ind1=" " ind2=" ">
   <subfield code="2">ddc</subfield>
   <subfield code="c">KALLIPOS</subfield>
  </datafield>
 </record>
</collection>
